| 000 | 00531nam a2200193 4500 | ||
|---|---|---|---|
| 003 | OSt | ||
| 005 | 20240416172344.0 | ||
| 008 | 160414b xxu||||| |||| 00| 0 eng d | ||
| 020 | _a9781844035700 | ||
| 040 | _cDDC | ||
| 082 | _a520 COU 2007 | ||
| 100 |
_aCouper, Heather; Henbest, Nigel _97978 |
||
| 245 | _aThe History of Astronomy | ||
| 260 |
_aLondon; _bCassell, _c2007 |
||
| 300 |
_aii, 288p; _bcol.ill : _c28 cm |
||
| 504 | _aIncludes bibliographical references and index | ||
| 650 |
_aAstronomy _93586 |
||
| 942 |
_2ddc _cSLOAN |
||
| 999 |
_c3569 _d3569 |
||